Gelling of latex foam products (Record no. 59749)

MARC details
000 -LEADER
fixed length control field 00318nam a2200133Ia 4500
100 ## - MAIN ENTRY--AUTHOR NAME
Personal name Jacob A J
245 #0 - TITLE STATEMENT
Title Gelling of latex foam products
260 ## - PUBLICATION, DISTRIBUTION, ETC. (IMPRINT)
Name of publisher Rubber India
Year of publication 1997
300 ## - PHYSICAL DESCRIPTION
Number of Pages 10-Sep
650 ## - SUBJECT ADDED ENTRY--TOPICAL TERM
Topical Term Gelling
650 ## - SUBJECT ADDED ENTRY--TOPICAL TERM
Topical Term Latex foam products
942 ## - ADDED ENTRY ELEMENTS (KOHA)
Koha item type Journals
Holdings
Withdrawn status Lost status Damaged status Not for loan Home library Current library Shelving location Date acquired Serial Enumeration / chronology Koha item type
      Journals RRII Library RRII Library Rubber chemistry 17/12/2021 Volume 49, Issue 1 Journals